000 00791nas a2200253 4500
001 BR2014001341
003 BR-BrBNA
005 20231205123744.0
007 ta
008 230509b bl.|||p| |||| 00| 00por d
040 _aBR-BrBNA
_bpor
_cBiblioteca Nacional de Agricultura
041 _a(Pt)
072 _aP06; K10
100 1 _aSchumacher, M.V.
100 1 _aCaldeira, M.V.W.
245 1 _aQuantificação de biomassa em povoamento de Eucalyptus saligna Sm. com diferentes edades
650 _aEUCALIPTO
650 _aPOVOAMENTO FLORESTAL
650 _aBIOMASSA
650 _aNUTRIENTE ORGÂNICO
773 0 _tBiomassa e Energia (Brazil)
_xISSN 1806-3810
_g(Oct-Dez 2004), v. 1(4) p. 381-391
_wBR2014001341
909 _a202311
_bLúcia
_c55
_dLúcia Elande
942 _2AGRIS
_n0
_cANA
999 _c235540
_d235540